00423pab a2200157 454500008004000000100002100040245007400061260000900135300001700144362000800161650001400169650001000183700002800193700001500221773002900236180718b2017 xxu||||| |||| 00| 0 eng d aLundborg, Petter aCam women have children and a career? IV evidence from IVF treatments c2017 ap.1611-1637. aJun aFertility aWomen aRasmussen, Astrid Wurtz aPlug, Erik aAmerican Economic Review